书目信息 |
| 题名: |
乔迁之喜
|
|
| 作者: | 董辉 , 栾正弟 著 | |
| 分册: | ||
| 出版信息: | 北京 宝文堂书店 1980 |
|
| 页数: | 28页 | |
| 开本: | 19cm | |
| 丛书名: | 群众演唱小丛书 | |
| 单 册: | ||
| 中图分类: | I236.537 , I236 | |
| 科图分类: | ||
| 主题词: | 淮剧-剧本--江苏--现代 , 剧本-淮剧--江苏--现代 , 戏剧文学--剧本--中国 | |
| 电子资源: | ||
| ISBN: | ||
| 000 | 00826nam2 2200313 45 | |
| 001 | 0180008203 | |
| 005 | 20040416085659.6 | |
| 010 | @dCNY0.09 | |
| 091 | @a8070.20 | |
| 100 | @a19950407d1980 em y0chiy0121 ea | |
| 101 | 0 | @achi |
| 102 | @aCN@b110000 | |
| 105 | @ay z 000by | |
| 106 | @ar | |
| 200 | 10 | @a乔迁之喜@Aqiao qian zhi xi@e淮剧@f董辉, 栾正弟著 |
| 210 | @a北京@c宝文堂书店@d1980 | |
| 215 | @a28页@d19cm | |
| 225 | 2 | @a群众演唱小丛书 |
| 410 | 0 | @120010@a群众演唱小丛书 |
| 606 | @a淮剧-剧本@y江苏@z现代 | |
| 606 | @a剧本-淮剧@y江苏@z现代 | |
| 606 | 0 | @a戏剧文学@x剧本@x中国 |
| 690 | @aI236.537@v3 | |
| 690 | @aI236 | |
| 701 | 0 | @a董辉@Adong hui@4著 |
| 701 | 0 | @a栾正弟@Aluan zheng di@4著 |
| 801 | 0 | @aCN@b上海图书馆@c20040416 |
| 801 | 2 | @aCN@bNLC@c20040416 |
| 905 | @f2@b39759-760@dI236@e2 | |
| 乔迁之喜:淮剧/董辉, 栾正弟著.-北京:宝文堂书店,1980 |
| 28页;19cm.-(群众演唱小丛书) |
| ISBN :CNY0.09 |
| ● |
| 相关链接 |
|
|
|
|
正题名:乔迁之喜
索取号:I236/2
 
预约/预借
| 序号 | 登录号 | 条形码 | 馆藏地/架位号 | 状态 | 备注 |
| 1 | 0039759 | 000767744 | 第二借阅区/ [索取号:I236/2] | 在馆 | |
| 2 | 0039760 | 000764998 | 第一样本阅览室/ [索取号:I236/2] | 在馆 | |
| 3 | 0039761 | 001758761 | 密集书库/ [索取号:I236/2] | 在馆 |